| 000 | 00430nam a22001577a 4500 | ||
|---|---|---|---|
| 003 | NUST | ||
| 005 | 20260512125839.0 | ||
| 008 | 260512b ||||| |||| 00| 0 eng d | ||
| 082 |
_a005.44769 _bBIL |
||
| 100 |
_aBilal Ahmad. _993201 |
||
| 245 |
_aMedia Plus Self Study Guide MCSE / _cBilal Ahmad. |
||
| 260 |
_aLahore: _bDogar Group of Publisher, _c2000. |
||
| 300 |
_a320 p ; _c25.4 cm |
||
| 563 | _aPaperback | ||
| 942 |
_2ddc _cBK |
||
| 999 |
_c617410 _d617410 |
||